Statistics for North American Sport Teams By Letter

Click here to take the quiz!

General Stats

  • This quiz has been taken 23 times
  • The average score is 20 of 22

Answer Stats

HintAnswer% Correct
AAstros, Avalanche, And 2 More
100%
BBills, Bruins, Bucks And 11 More
100%
CClippers, Celtics, And 12 More
100%
GGrizzlies, Giants, And 2 More
95%
JJaguars, Jazz, Jets
95%
LLions, Lakers, And 1 More
95%
MMets, Magics And 4 More
95%
NNets, Nuggets, Nationals
95%
PPelicans, Panthers, And 8 More
95%
RRams, Raiders And 10 More
95%
SSeahawks, Steelers And 7 More
95%
DDevils, Ducks, And 3 More
90%
EEagles
90%
FFalcons, Flyers, Flames
90%
KKraken, Kings
90%
TTitans, Texans And 5 More
90%
HHeat, Hawk, Hornets And 1 More
86%
OOilers, Orioles
86%
WWarriors, Wizards, And 2 More
86%
VVikings
81%
IIslanders
67%
YYankees
67%

Score Distribution

Percentile by Number Answered

Percent of People with Each Score

Your Score History

You have not taken this quiz